Ampliaciones a la historia de Mérida de Moreno de Vargas, Forner y Fernández / (Record no. 53888)

MARC details
000 -LEADER
campo de control de longitud fija 00888nam a22002295i 4500
001 - NÚMERO DE CONTROL
campo de control 53888
003 - IDENTIFICADOR DE NÚMERO DE CONTROL
campo de control ES-MaACL
005 - FECHA Y HORA DE LA ÚLTIMA TRANSACCIÓN
campo de control 20230906162840.0
007 - CAMPO FIJO DE DESCRIPCIÓN FÍSICA--INFORMACIÓN GENERAL
campo de control de longitud fija t|
008 - DATOS DE LONGITUD FIJA--INFORMACIÓN GENERAL
campo de control de longitud fija 960719s1894 sp ||||1| spa d
040 ## - FUENTE DE CATALOGACIÓN
Centro catalogador/agencia de origen CAM
Lengua de catalogación spa
Centro/agencia transcriptor CAM
100 1# - ENTRADA PRINCIPAL--NOMBRE DE PERSONA
Nombre de persona Plano y García, Pedro María.
9 (RLIN) 131212
245 10 - MENCIÓN DEL TÍTULO
Título Ampliaciones a la historia de Mérida de Moreno de Vargas, Forner y Fernández /
Mención de responsabilidad, etc. por Pedro Mª Plano y García.
260 ## - PUBLICACIÓN, DISTRIBUCIÓN, ETC.
Lugar de publicación, distribución, etc. Mérida :
Nombre del editor, distribuidor, etc. [s.n.],
Fecha de publicación, distribución, etc. 1894 (
Fabricante imprenta y encuadernación de Plano y Corchero)
300 ## - DESCRIPCIÓN FÍSICA
Extensión [2], IV, 7-188, [3] p., [26] h. de fot., [8] h. de lám. ;
Dimensiones 26 cm.
651 #4 - PUNTO DE ACCESO ADICIONAL DE MATERIA--NOMBRE GEOGRÁFICO
Nombre geográfico Mérida-
Subdivisión general Restos arqueológicos.
9 (RLIN) 152465
651 #4 - PUNTO DE ACCESO ADICIONAL DE MATERIA--NOMBRE GEOGRÁFICO
Nombre geográfico Mérida-
Subdivisión general Historia.
9 (RLIN) 156133
700 1# - ENTRADA AGREGADA--NOMBRE PERSONAL
Nombre de persona Moreno de Vargas, Bernabé.
9 (RLIN) 83362
700 1# - ENTRADA AGREGADA--NOMBRE PERSONAL
Nombre de persona Forner y Segarra, Agustín Francisco.
9 (RLIN) 51779
700 1# - ENTRADA AGREGADA--NOMBRE PERSONAL
Nombre de persona Fernández y Pérez, Gregorio.
9 (RLIN) 50188
852 ## - LOCALIZACIÓN
Ubicación ES-MaACL
Número de control de estantería F-745(3)
Holdings
Estatus retirado Estado de pérdida Estado de daño No para préstamo Colección Biblioteca de origen Biblioteca actual Ubicación en estantería Fecha de adquisición Fuente de adquisición Total de préstamos Signatura topográfica completa Código de barras Visto por última vez Precio de reemplazo Tipo de ítem Koha
        Libros del s. XIX Biblioteca del Ateneo de Madrid Biblioteca del Ateneo de Madrid Depósito 2 17/01/2008     F-745(3) 1056631 23/02/2023 23/02/2023 Libro impreso antiguo